| 000 | 00733nam a2200241#a 4500 | ||
|---|---|---|---|
| 001 | 00088 | ||
| 003 | HDC | ||
| 007 | ta | ||
| 008 | 230623s1998 xx 000 0 eng d | ||
| 020 | _a9830650626 (pbk.). | ||
| 040 | _aHDC | ||
| 050 |
_aWO 690 _b.E15o 1998 |
||
| 100 | _aEbrahim, Abul Fadl Mohsin | ||
| 245 | 0 |
_aOrgan transplantation : _bcontemporary islamic legal & ethical perspective / _cAbdul Fadl Mohsin Ebrahim |
|
| 264 |
_aKuala Lumpur : _bA. S. Noordeen, _c1998 |
||
| 300 |
_axv,[148]p. ; _c 21cm |
||
| 500 | _aIncludes bibliography: p. 133-140 and index | ||
| 650 |
_aTransplantation of organs, tissues, etc. _xReligious aspects _xIslam |
||
| 942 | _2lcc | ||
| 942 | _cBK | ||
| 942 | _kWO 690 | ||
| 942 | _m.E15o 1998 | ||
| 999 |
_c21735 _d21735 |
||